ՄԱՅՐ ԱԹՈՌ ՍՈՒՐԲ ԷՋՄԻԱԾԻՆ

«ՎԱՉԵ ԵՎ ԹԱՄԱՐ ՄԱՆՈՒԿՅԱՆ» ՄԱՏԵՆԱԴԱՐԱՆ

Martin Luther in marxistischer Sicht von 1945 bis zum Beginn der achtziger Jahre. / (Record no. 66672)

MARC details
000 -LEADER
fixed length control field 00645nam a22002177a 4500
003 - CONTROL NUMBER IDENTIFIER
control field SEM
005 - DATE AND TIME OF LATEST TRANSACTION
control field 20220608073730.0
008 - FIXED-LENGTH DATA ELEMENTS--GENERAL INFORMATION
fixed length control field 170609b xxu||||| |||| 00| 0 germ d
040 ## - CATALOGING SOURCE
Original cataloging agency
Transcribing agency
041 0# - LANGUAGE CODE
Language code of text/sound track or separate title germ.
082 ## - DEWEY DECIMAL CLASSIFICATION NUMBER
Classification number 284.1(092)/L-97B
100 1# - MAIN ENTRY--PERSONAL NAME
Personal name Bräuer Siegfried
245 14 - TITLE STATEMENT
Title Martin Luther in marxistischer Sicht von 1945 bis zum Beginn der achtziger Jahre. /
Statement of responsibility, etc. S. Bräuer
260 ## - PUBLICATION, DISTRIBUTION, ETC.
Place of publication, distribution, etc. Berlin:
Name of publisher, distributor, etc. Evangelische Verlagsanstalt,
Date of publication, distribution, etc. 1983.
300 ## - PHYSICAL DESCRIPTION
Extent 47 S.;
Dimensions 20 cm.
504 ## - BIBLIOGRAPHY, ETC. NOTE
Bibliography, etc. note Anmerkungen S.: 33-47.
600 1# - SUBJECT ADDED ENTRY--PERSONAL NAME
Personal name Martin Luther
Dates associated with a name 1483-1546
650 ## - SUBJECT ADDED ENTRY--TOPICAL TERM
Topical term or geographic name entry element Theology
General subdivision German
650 ## - SUBJECT ADDED ENTRY--TOPICAL TERM
Topical term or geographic name entry element Protestantism
942 ## - ADDED ENTRY ELEMENTS (KOHA)
Source of classification or shelving scheme Universal Decimal Classification
Koha item type Գրքեր/Books
Holdings
Withdrawn status Lost status Source of classification or shelving scheme Damaged status Not for loan Collection code Home library Current library Date acquired Cost, normal purchase price Inventory number Total Checkouts Full call number Barcode Date last seen Price effective from Koha item type Public note
    Universal Decimal Classification     Գրապահոց Մայր Աթոռ Սուրբ Էջմիածին «Վաչե և Թամար Մանուկյան» Մատենադարան Մայր Աթոռ Սուրբ Էջմիածին «Վաչե և Թամար Մանուկյան» Մատենադարան 09/06/2017 800.00 Germ-1268   284.1(092)/L-97B Germ-1268 09/06/2017 09/06/2017 Գրքեր/Books Սպասարկվում է ընթերցասրահ